Statistics for Formula E Drivers

Click here to take the quiz!

General Stats

  • This quiz has been taken 35 times
    (15 since last reset)
  • The average score is 11 of 22

Answer Stats

Driver% Correct
Nyck de Vries
80%
Stoffel Vandoorne
80%
António Félix da Costa
70%
Jean-Éric Vergne
70%
Mitch Evans
70%
Edoardo Mortara
60%
Nick Cassidy
60%
Sam Bird
60%
Alexander Sims
50%
Antonio Giovinazzi
50%
Lucas di Grassi
50%
Robin Frijns
50%
Sébastien Buemi
50%
André Lotterer
40%
Dan Ticktum
40%
Oliver Askew
40%
Oliver Rowland
40%
Oliver Turvey
40%
Pascal Wehrlein
40%
Sérgio Sette Câmara
40%
Jake Dennis
30%
Maximilian Günther
10%

Score Distribution

Percentile by Number Answered

Percent of People with Each Score

Your Score History

You have not taken this quiz since the last reset